500 cc/MotoGP Riders' Champions by year - Statistics

General Stats
  • This quiz has been taken 77 times
    12 since last reset
  • The average score is 58 of 77
Answer Stats
Hint Answer % Correct
2007 Casey Stoner
100%
2011 Casey Stoner
100%
2021 Fabio Quartararo
100%
2022 Francesco Bagnaia
100%
2023 Francesco Bagnaia
100%
2020 Joan Mir
100%
2010 Jorge Lorenzo
100%
2012 Jorge Lorenzo
100%
2015 Jorge Lorenzo
100%
2024 Jorge Martín
100%
2013 Marc Márquez
100%
2014 Marc Márquez
100%
2016 Marc Márquez
100%
2017 Marc Márquez
100%
2018 Marc Márquez
100%
2019 Marc Márquez
100%
2025 Marc Márquez
100%
1994 Mick Doohan
100%
1995 Mick Doohan
100%
1996 Mick Doohan
100%
1997 Mick Doohan
100%
1998 Mick Doohan
100%
2006 Nicky Hayden
100%
2001 Valentino Rossi
100%
2002 Valentino Rossi
100%
2003 Valentino Rossi
100%
2004 Valentino Rossi
100%
2005 Valentino Rossi
100%
2008 Valentino Rossi
100%
2009 Valentino Rossi
100%
1966 Giacomo Agostini
90%
1967 Giacomo Agostini
90%
1968 Giacomo Agostini
90%
1969 Giacomo Agostini
90%
1970 Giacomo Agostini
90%
1971 Giacomo Agostini
90%
1972 Giacomo Agostini
90%
1975 Giacomo Agostini
90%
1999 Àlex Crivillé
80%
1956 John Surtees
80%
1958 John Surtees
80%
1959 John Surtees
80%
1960 John Surtees
80%
1978 Kenny Roberts
80%
1979 Kenny Roberts
80%
1980 Kenny Roberts
80%
2000 Kenny Roberts, Jr.
80%
1993 Kevin Schwantz
70%
1984 Eddie Lawson
60%
1986 Eddie Lawson
60%
1988 Eddie Lawson
60%
1989 Eddie Lawson
60%
1962 Mike Hailwood
60%
1963 Mike Hailwood
60%
1964 Mike Hailwood
60%
1965 Mike Hailwood
60%
1976 Barry Sheene
50%
1977 Barry Sheene
50%
1951 Geoff Duke
50%
1953 Geoff Duke
50%
1954 Geoff Duke
50%
1955 Geoff Duke
50%
1987 Wayne Gardner
50%
1990 Wayne Rainey
50%
1991 Wayne Rainey
50%
1992 Wayne Rainey
50%
1982 Franco Uncini
40%
1983 Freddie Spencer
40%
1985 Freddie Spencer
40%
1973 Phil Read
40%
1974 Phil Read
40%
1981 Marco Lucchinelli
30%
1961 Gary Hocking
20%
1949 Leslie Graham
20%
1957 Libero Liberati
20%
1950 Umberto Masetti
20%
1952 Umberto Masetti
20%
No matching quizzes found
Score Distribution
Percent of People with Each Score
Percentile by Number Answered
Your Score History
You have not taken this quiz since the last reset